[Event "Medellin de La Raza U2000 op"]
[Site "Medellin"]
[Date "2023.10.13"]
[Round "3"]
[White "Jaimes, Fredy Alexander"]
[Black "Arboleda Diaz, Jhon Alexander"]
[Result "1/2-1/2"]
[WhiteElo "1775"]
[BlackElo "1464"]
[PlyCount "78"]
[EventDate "2023.10.12"]
[EventType "swiss"]
[EventRounds "9"]
[EventCountry "COL"]
[SourceTitle "Mega2024 Update 01"]
[Source "Chessbase"]
[SourceDate "2023.11.12"]
[SourceVersion "1"]
[SourceVersionDate "2023.11.12"]
[SourceQuality "1"]

1. e4 e5 2. Nf3 Nc6 3. Bb5 a6 4. Ba4 b5 5. Bb3 Be7 6. 0-0 Nf6 7. Re1 d6 8. c3 Bg4 9. d3 0-0 10. Nbd2 h6 11. Nf1 Nh7 12. h3 Be6 13. Bc2 f5 14. exf5 Bxf5 15. Bb3+ Kh8 16. Ng3 Bd7 17. a4 Rb8 18. axb5 axb5 19. Be3 Ng5 20. Nxg5 Bxg5 21. Qd2 Bxe3 22. Qxe3 b4 23. Bc2 d5 24. d4 e4 25. c4 Qf6 26. cxd5 Nxd4 27. Nh5 Nxc2 28. Nxf6 Nxe3 29. Nxd7 Nc2 30. Nxb8 Rxb8 31. Rac1 Nxe1 32. Rxe1 Rb5 33. Rxe4 Rxd5 34. Rxb4 g5 35. Rc4 c5 36. h4 Kg7 37. hxg5 hxg5 38. b4 cxb4 39. Rxb4 Kf6 1/2-1/2

[Event "Medellin Flores op 30th"]
[Site "Medellin"]
[Date "2023.08.07"]
[Round "8"]
[White "Jaimes, Fredy Alexander"]
[Black "Perez, William"]
[Result "1-0"]
[WhiteElo "1834"]
[BlackElo "1933"]
[PlyCount "57"]
[EventDate "2023.08.03"]
[EventType "swiss"]
[EventRounds "9"]
[EventCountry "COL"]
[SourceTitle "EXT 2024"]
[Source "ChessBase"]
[SourceDate "2023.10.10"]
[SourceVersion "1"]
[SourceVersionDate "2023.10.10"]
[SourceQuality "1"]

1. e4 c6 2. d4 d5 3. exd5 cxd5 4. c4 Nf6 5. Nc3 Nc6 6. cxd5 Nxd5 7. Bb5 Nxc3 8. bxc3 e6 9. Nf3 Qa5 10. Qb3 a6 11. Bxc6+ bxc6 12. 0-0 Bd6 13. c4 0-0 14. c5 Bb8 15. Rb1 e5 16. Bd2 Qd8 17. Bg5 Qa5 18. Qb6 Qxb6 19. Rxb6 Ba7 20. Rxc6 Bb7 21. Rd6 Bxf3 22. gxf3 exd4 23. c6 f6 24. Bd2 Bc5 25. Rd5 Bb6 26. Rb1 Bc7 27. Rb7 Be5 28. f4 Bb8 29. Rdd7 1-0

[Event "Medellin Flores op 30th"]
[Site "Medellin"]
[Date "2023.08.04"]
[Round "2"]
[White "Gomez, Jhon D"]
[Black "Jaimes, Fredy Alexander"]
[Result "1-0"]
[WhiteElo "2195"]
[BlackElo "1834"]
[PlyCount "89"]
[EventDate "2023.08.03"]
[EventType "swiss"]
[EventRounds "9"]
[EventCountry "COL"]
[SourceTitle "CBM 215 Extra"]
[Source "ChessBase"]
[SourceDate "2023.09.30"]
[SourceVersion "1"]
[SourceVersionDate "2023.09.30"]
[SourceQuality "1"]

1. e4 e5 2. Nf3 Nc6 3. Bb5 a6 4. Ba4 Nf6 5. d4 b5 6. Bb3 d6 7. dxe5 Nxe5 8. Nxe5 dxe5 9. Bxf7+ Ke7 10. Qxd8+ Kxd8 11. a4 Bc5 12. f3 Ke7 13. Bb3 Bd7 14. Nc3 c6 15. Nd1 Bd6 16. 0-0 c5 17. c4 Be6 18. Ne3 Nd7 19. a5 Nf6 20. Bd1 Rhd8 21. Be2 Bc7 22. cxb5 axb5 23. Bxb5 Rxa5 24. Rxa5 Bxa5 25. Nc4 Rb8 26. Ba6 Bc7 27. Na3 Ba5 28. Bc4 Bxc4 29. Nxc4 Bc7 30. Bg5 h6 31. Bh4 g5 32. Bf2 Nd7 33. Rc1 Ke6 34. g4 Rb5 35. Rc2 Bd6 36. Ne3 Nf6 37. Nf5 Bf8 38. h4 Nd7 39. hxg5 hxg5 40. Be3 Nb6 41. Bxg5 Na4 42. Bc1 Nb6 43. g5 Nc8 44. g6 Kf6 45. Rg2 1-0

[Event "Bucaramanga Santander-ch"]
[Site "Bucaramanga"]
[Date "2023.03.31"]
[Round "1"]
[White "Jaimes, Fredy Alexander"]
[Black "Rosas Rico, Leonardo"]
[Result "1-0"]
[WhiteElo "1854"]
[BlackElo "1128"]
[PlyCount "34"]
[EventDate "2023.03.31"]
[EventType "swiss"]
[EventRounds "7"]
[EventCountry "COL"]
[SourceTitle "CBM 213 Extra"]
[Source "ChessBase"]
[SourceDate "2023.05.31"]
[SourceVersion "1"]
[SourceVersionDate "2023.05.31"]
[SourceQuality "1"]

1. e4 e5 2. Nf3 d6 3. d4 Be7 4. dxe5 dxe5 5. Qxd8+ Bxd8 6. Nxe5 f6 7. Nf3 Ne7 8. Bc4 b6 9. 0-0 Ba6 10. Na3 c6 11. Re1 Bxc4 12. Nxc4 0-0 13. Bf4 Nc8 14. Rad1 b5 15. Nd6 Nxd6 16. Bxd6 Re8 17. Bxb8 Rxb8 1-0

[Event "Bucaramanga Santander-ch"]
[Site "Bucaramanga"]
[Date "2022.04.11"]
[Round "8"]
[White "Caicedo Solano, Eduardo"]
[Black "Jaimes, Fredy Alexander"]
[Result "0-1"]
[WhiteElo "1842"]
[BlackElo "1857"]
[PlyCount "40"]
[EventDate "2022.04.08"]
[EventType "swiss"]
[EventRounds "8"]
[EventCountry "COL"]
[SourceTitle "CBM 207 Extra"]
[Source "ChessBase"]
[SourceDate "2022.05.31"]
[SourceVersion "1"]
[SourceVersionDate "2022.05.31"]
[SourceQuality "1"]

1. e4 e5 2. Nf3 Nc6 3. Bb5 a6 4. Ba4 Nf6 5. 0-0 Bc5 6. c3 b5 7. Bb3 d6 8. d4 Bb6 9. Bg5 0-0 10. h3 h6 11. Bh4 g5 12. Bg3 g4 13. hxg4 Bxg4 14. Bd5 Nxd5 15. exd5 Nxd4 16. cxd4 e4 17. Nc3 exf3 18. Ne4 f5 19. gxf3 Bh3 20. Re1 fxe4 0-1

[Event "Bucaramanga Santander-ch"]
[Site "Bucaramanga"]
[Date "2022.04.10"]
[Round "5"]
[White "Jaimes, Fredy Alexander"]
[Black "Acosta Cruz, Luis Ivan"]
[Result "0-1"]
[WhiteElo "1857"]
[BlackElo "1682"]
[PlyCount "116"]
[EventDate "2022.04.08"]
[EventType "swiss"]
[EventRounds "8"]
[EventCountry "COL"]
[SourceTitle "CBM 207 Extra"]
[Source "ChessBase"]
[SourceDate "2022.05.31"]
[SourceVersion "1"]
[SourceVersionDate "2022.05.31"]
[SourceQuality "1"]

1. e4 e5 2. Nf3 Nc6 3. Bc4 Bc5 4. b4 Bxb4 5. c3 Ba5 6. d4 exd4 7. Qb3 Qf6 8. 0-0 Bb6 9. e5 Qg6 10. Ba3 Nge7 11. cxd4 Bxd4 12. Nxd4 Nxd4 13. Qc3 Ndc6 14. Bb5 b6 15. Bd3 Qe6 16. f4 Bb7 17. Bc4 Qf5 18. Bd3 Qh5 19. Nd2 0-0-0 20. Rac1 Rhe8 21. f5 Nd5 22. Qb3 Na5 23. Qc2 Bc6 24. Nc4 Nxc4 25. Qxc4 Kb8 26. Qd4 Qg5 27. Be4 Qe3+ 28. Qxe3 Nxe3 29. Rfe1 Bxe4 30. Rxe3 Bxf5 31. Rec3 c5 32. Rb3 Ka8 33. Bb2 Be6 34. Ra3 Kb7 35. Rd1 Rc8 36. Rad3 Rc7 37. a4 c4 38. Re3 g6 39. Bc3 a6 40. Rb1 Bf5 41. Rb2 Bd3 42. Bd4 Rc6 43. Bc3 Ree6 44. Kf2 Rc5 45. Bd4 Ra5 46. Rb4 b5 47. axb5 Rxb5 48. Ra4 Rc6 49. Re1 c3 50. Ra3 c2 51. Rc1 Rb1 52. Be3 Be4 53. g4 f5 54. exf6 Rxf6+ 55. Ke1 d5 56. Kd2 Rxc1 57. Kxc1 Rf1+ 58. Kb2 Rb1+ 0-1

[Event "Bucaramanga Santander-ch"]
[Site "Bucaramanga"]
[Date "2022.04.10"]
[Round "6"]
[White "Rueda Rojas, Richard Alejandro"]
[Black "Jaimes, Fredy Alexander"]
[Result "0-1"]
[WhiteElo "1501"]
[BlackElo "1857"]
[PlyCount "54"]
[EventDate "2022.04.08"]
[EventType "swiss"]
[EventRounds "8"]
[EventCountry "COL"]
[SourceTitle "CBM 207 Extra"]
[Source "ChessBase"]
[SourceDate "2022.05.31"]
[SourceVersion "1"]
[SourceVersionDate "2022.05.31"]
[SourceQuality "1"]

1. e4 e5 2. Nf3 Nc6 3. d4 exd4 4. Bc4 Nf6 5. e5 d5 6. Bb5 Ne4 7. Nxd4 Bd7 8. Bxc6 bxc6 9. 0-0 Bc5 10. f3 Ng5 11. f4 Ne4 12. Be3 Bb6 13. Nd2 c5 14. N4b3 Nxd2 15. Qxd2 d4 16. Bf2 Bb5 17. Rfe1 Qd5 18. e6 Bc6 19. exf7+ Kxf7 20. Bh4 Rhe8 21. a4 a5 22. Re5 Rxe5 23. fxe5 c4 24. Qf4+ Kg8 25. Qg3 cxb3 26. Bf6 g6 27. Qf4 Qxg2# 0-1

[Event "COL-ch Visually impaired"]
[Site "Cartagena"]
[Date "2019.12.06"]
[Round "1.3"]
[White "Jaimes, Fredy Alexander"]
[Black "Care Garcia, Jose Joaquin"]
[Result "1/2-1/2"]
[WhiteElo "1863"]
[BlackElo "1617"]
[PlyCount "77"]
[EventDate "2019.12.06"]
[EventType "swiss (rapid)"]
[EventRounds "6"]
[EventCountry "COL"]
[SourceTitle "EXT 2024"]
[Source "ChessBase"]
[SourceDate "2023.10.10"]
[SourceVersion "1"]
[SourceVersionDate "2023.10.10"]
[SourceQuality "1"]

1. e4 d5 2. exd5 Qxd5 3. Nc3 Qa5 4. d4 c6 5. Nf3 Nf6 6. Bc4 Bf5 7. 0-0 e6 8. a3 Nbd7 9. Re1 Bd6 10. Bd2 Qc7 11. h3 0-0 12. Nh4 Bg6 13. Nxg6 hxg6 14. Qf3 Rfe8 15. Bb3 Nb6 16. Bg5 Be7 17. Rad1 Nfd5 18. Bxe7 Nxe7 19. Ne4 Nbd5 20. Ng5 Nf5 21. c4 Nf6 22. g3 Rad8 23. d5 cxd5 24. cxd5 exd5 25. Rxe8+ Rxe8 26. Bxd5 Nxd5 27. Qxd5 b6 28. Kg2 Qe7 29. h4 Nh6 30. Qd7 Nf5 31. Qxe7 Nxe7 32. Rd7 f6 33. Nf3 Nc8 34. Kf1 Kf8 35. Nd4 Re7 36. Rd8+ Re8 37. Rd7 Re7 38. Rd8+ Re8 39. Rd7 1/2-1/2

[Event "COL-ch Visually impaired"]
[Site "Cartagena"]
[Date "2019.12.04"]
[Round "3.4"]
[White "Jaimes, Fredy Alexander"]
[Black "Ortiz Junco, Luis Carlos"]
[Result "1-0"]
[WhiteElo "1844"]
[BlackElo "1583"]
[PlyCount "97"]
[EventDate "2019.12.03"]
[EventType "swiss"]
[EventRounds "6"]
[EventCountry "COL"]
[SourceTitle "EXT 2024"]
[Source "ChessBase"]
[SourceDate "2023.10.10"]
[SourceVersion "1"]
[SourceVersionDate "2023.10.10"]
[SourceQuality "1"]

1. e4 c5 2. d4 cxd4 3. c3 dxc3 4. Nxc3 d6 5. Nf3 Nc6 6. Bc4 e6 7. 0-0 Nf6 8. Qe2 Be7 9. Rd1 Bf8 10. Re1 Be7 11. Rd1 0-0 12. e5 Nd7 13. exd6 Bf6 14. Be3 a6 15. Rac1 b5 16. Bb3 Bb7 17. Ne4 h6 18. Nxf6+ Nxf6 19. Qd2 Ne4 20. Qd3 Nf6 21. d7 Nb4 22. Qd2 Bxf3 23. gxf3 Nbd5 24. Bc5 Qxd7 25. Bxf8 Rxf8 26. Kh1 Kh7 27. Rg1 g6 28. Rgd1 Rd8 29. Bxd5 Nxd5 30. Qa5 Rc8 31. Rxc8 Qxc8 32. Qd2 Qb7 33. Qd4 Nb4 34. Qe4 Qxe4 35. fxe4 Nxa2 36. Kg2 Nb4 37. Kf3 Kg7 38. Ke3 Kf6 39. Kd4 e5+ 40. Kc5 Nc2 41. Rd6+ Ke7 42. Rxa6 Nd4 43. Kd5 Ne6 44. Rxe6+ fxe6+ 45. Kc5 Kd7 46. Kxb5 g5 47. b4 Kc7 48. Kc5 h5 49. b5 1-0

[Event "Uni De Paula Santander op 4th"]
[Site "Ocana"]
[Date "2019.08.24"]
[Round "3"]
[White "Jaimes, Fredy Alexander"]
[Black "Negron Lizarazo, Juan Sebastian"]
[Result "1-0"]
[WhiteElo "1858"]
[BlackElo "1256"]
[PlyCount "42"]
[EventDate "2019.08.23"]
[EventType "swiss"]
[EventRounds "7"]
[EventCountry "COL"]
[SourceTitle "EXT 2020"]
[Source "ChessBase"]
[SourceDate "2019.10.17"]
[SourceVersion "1"]
[SourceVersionDate "2019.10.17"]
[SourceQuality "1"]

1. e4 c5 2. d4 cxd4 3. c3 d3 4. Bxd3 Nc6 5. Nf3 g6 6. c4 Bg7 7. Nc3 d6 8. h3 Nf6 9. Be3 0-0 10. Qd2 b6 11. Bh6 Bh8 12. h4 Bg4 13. Bxf8 Qxf8 14. Be2 Bg7 15. 0-0 Rc8 16. b3 Rd8 17. Rad1 Bxf3 18. Bxf3 Ne5 19. Qe2 Nxf3+ 20. Qxf3 e6 21. e5 dxe5 1-0

[Event "COL-ch U2000"]
[Site "Pereira"]
[Date "2019.03.23"]
[Round "4"]
[White "Guzman Franco, Javier"]
[Black "Jaimes, Fredy Alexander"]
[Result "1-0"]
[WhiteElo "1633"]
[BlackElo "1863"]
[PlyCount "45"]
[EventDate "2019.03.21"]
[EventType "swiss"]
[EventRounds "9"]
[EventCountry "COL"]
[SourceTitle "CBM 189 Extra"]
[Source "ChessBase"]
[SourceDate "2019.06.03"]
[SourceVersion "1"]
[SourceVersionDate "2019.06.03"]
[SourceQuality "1"]

1. d4 d5 2. e3 Nf6 3. Bd3 e6 4. Nd2 c5 5. c3 Nc6 6. f4 Bd6 7. Ngf3 cxd4 8. cxd4 Nb4 9. Bb1 Bd7 10. a3 Qa5 11. 0-0 Nc6 12. Ne5 0-0 13. g4 Be8 14. g5 Nd7 15. Bxh7+ Kxh7 16. Qh5+ Kg8 17. Rf3 Bxe5 18. fxe5 Ne7 19. Rh3 f5 20. Qh7+ Kf7 21. Rh6 Rg8 22. Nf3 Nf8 23. Rf6# 1-0

[Event "COL-ch U2000"]
[Site "Pereira"]
[Date "2019.03.22"]
[Round "2"]
[White "Lopez Ramirez, David Santiago"]
[Black "Jaimes, Fredy Alexander"]
[Result "1/2-1/2"]
[WhiteElo "1931"]
[BlackElo "1863"]
[PlyCount "92"]
[EventDate "2019.03.21"]
[EventType "swiss"]
[EventRounds "9"]
[EventCountry "COL"]
[SourceTitle "CBM 189 Extra"]
[Source "ChessBase"]
[SourceDate "2019.06.03"]
[SourceVersion "1"]
[SourceVersionDate "2019.06.03"]
[SourceQuality "1"]

1. e4 e5 2. Nf3 Qe7 3. Nc3 c6 4. Bc4 d6 5. d4 Nf6 6. dxe5 dxe5 7. Ng5 Be6 8. Nxe6 fxe6 9. Qe2 Nbd7 10. 0-0 b5 11. Bb3 Nc5 12. f4 exf4 13. Bxf4 a5 14. Bg5 h6 15. Bh4 Nxb3 16. axb3 Qc5+ 17. Kh1 Be7 18. e5 Nd7 19. Qh5+ Kd8 20. Bxe7+ Qxe7 21. Rad1 Rf8 22. Ne4 Kc7 23. Rfe1 Rf5 24. Qe2 Raf8 25. Ng3 Rf2 26. Qe3 Kb7 27. Ne4 R2f5 28. Rxd7+ Qxd7 29. Nc5+ Kc7 30. Nxd7 Rf1+ 31. Rxf1 Rxf1+ 32. Qg1 Rxg1+ 33. Kxg1 Kxd7 34. Kf2 c5 35. Ke3 g5 36. Kf3 Ke7 37. Kg4 Kf7 38. Kh5 Kg7 39. h3 Kh7 40. h4 gxh4 41. Kxh4 Kg6 42. g4 Kg7 43. Kh5 Kh7 44. g5 hxg5 45. Kxg5 Kg7 46. c4 b4 1/2-1/2

[Event "COL visually impaired 14th"]
[Site "Armenia"]
[Date "2018.11.10"]
[Round "4.2"]
[White "Jaimes, Fredy Alexander"]
[Black "Torres, Saulo de Jesus"]
[Result "1/2-1/2"]
[WhiteElo "1848"]
[BlackElo "1832"]
[PlyCount "84"]
[EventDate "2018.11.09"]
[EventType "swiss"]
[EventRounds "6"]
[EventCountry "COL"]
[SourceTitle "EXT 2024"]
[Source "ChessBase"]
[SourceDate "2023.10.10"]
[SourceVersion "1"]
[SourceVersionDate "2023.10.10"]
[SourceQuality "1"]

1. d4 Nf6 2. Bf4 e6 3. e3 b6 4. Nf3 Bb7 5. Nbd2 g6 6. Bd3 Bg7 7. c3 d6 8. Qe2 0-0 9. h3 Nbd7 10. 0-0 Re8 11. Bh2 e5 12. e4 exd4 13. cxd4 Nxe4 14. Nxe4 d5 15. Nf6+ Nxf6 16. Qc2 c6 17. Ne5 Rc8 18. Rac1 Nd7 19. Nf3 c5 20. Qa4 a6 21. Qd1 c4 22. Bb1 b5 23. Qd2 Qb6 24. Rfe1 b4 25. a3 a5 26. axb4 axb4 27. Bf4 Nf8 28. Rxe8 Rxe8 29. Be3 Nd7 30. Bc2 Bc6 31. Ra1 Ra8 32. Rxa8+ Bxa8 33. Qe1 Bb7 34. Bd2 Bf8 35. Ba4 Nf6 36. Be8 Qe6 37. Qxe6 fxe6 38. Ba4 Ne4 39. Be1 c3 40. bxc3 bxc3 41. Ne5 Bb4 42. Bc2 Nd6 1/2-1/2

[Event "Gobernacion op"]
[Site "Gobernacion"]
[Date "2015.11.30"]
[Round "5"]
[White "Jaimes, Fredy Alexander"]
[Black "Sanchez, Carlos Andres"]
[Result "0-1"]
[WhiteElo "1818"]
[BlackElo "1758"]
[PlyCount "58"]
[EventDate "2015.11.28"]
[EventType "swiss"]
[EventRounds "7"]
[EventCountry "COL"]
[SourceTitle "EXT 2017"]
[Source "ChessBase"]
[SourceDate "2016.10.25"]
[SourceVersion "1"]
[SourceVersionDate "2016.10.25"]
[SourceQuality "1"]

1. e4 c5 2. Nf3 Nc6 3. d4 cxd4 4. Nxd4 Nf6 5. Nc3 e5 6. Ndb5 d6 7. Bg5 a6 8. Na3 b5 9. Nd5 Qa5+ 10. Bd2 Qd8 11. Nxf6+ gxf6 12. c4 b4 13. Nc2 Rb8 14. b3 f5 15. Bd3 f4 16. g3 Bg7 17. gxf4 exf4 18. Rb1 Qg5 19. Bf1 Bg4 20. f3 Qh4+ 21. Ke2 Bxf3+ 22. Kxf3 Ne5+ 23. Kg2 f3+ 24. Kg1 Bh6 25. Ne3 Bxe3+ 26. Bxe3 Rg8+ 27. Bg2 Rxg2+ 28. Kf1 Ke7 29. Qe2 fxe2+ 0-1

[Event "Gobernacion op"]
[Site "Gobernacion"]
[Date "2015.11.29"]
[Round "3"]
[White "Munoz, Mauricio"]
[Black "Jaimes, Fredy Alexander"]
[Result "1-0"]
[WhiteElo "1748"]
[BlackElo "1818"]
[PlyCount "79"]
[EventDate "2015.11.28"]
[EventType "swiss"]
[EventRounds "7"]
[EventCountry "COL"]
[SourceTitle "EXT 2017"]
[Source "ChessBase"]
[SourceDate "2016.10.25"]
[SourceVersion "1"]
[SourceVersionDate "2016.10.25"]
[SourceQuality "1"]

1. e4 d5 2. exd5 Nf6 3. Nf3 c6 4. dxc6 Nxc6 5. Bb5 Bd7 6. 0-0 a6 7. Ba4 Qc7 8. d4 e6 9. Nc3 Bd6 10. d5 exd5 11. Nxd5 Nxd5 12. Qxd5 0-0 13. Rd1 Be6 14. Qh5 Rad8 15. Be3 f6 16. Rd2 Bf7 17. Bb3 Bxb3 18. cxb3 Bb4 19. Rc2 Qd7 20. h3 Rfe8 21. Qg4 Qxg4 22. hxg4 Rd7 23. a3 Ba5 24. b4 Bc7 25. Kf1 Re4 26. g5 f5 27. Re1 f4 28. Bc1 Rxe1+ 29. Kxe1 Ne5 30. Nxe5 Bxe5 31. Ke2 Kf7 32. Kf3 Kg6 33. Bxf4 Rf7 34. g3 Bxf4 35. gxf4 Re7 36. Re2 Rxe2 37. Kxe2 Kf5 38. Ke3 h5 39. gxh6 gxh6 40. Kf3 1-0

[Event "Ocana op 1st"]
[Site "Ocana"]
[Date "2015.09.27"]
[Round "6"]
[White "Jaimes, Fredy Alexander"]
[Black "Rojas Mendoza, Joun Sun"]
[Result "1-0"]
[WhiteElo "1816"]
[BlackElo "1600"]
[PlyCount "29"]
[EventDate "2015.09.25"]
[EventType "swiss"]
[EventRounds "7"]
[EventCountry "COL"]
[SourceTitle "EXT 2016"]
[Source "ChessBase"]
[SourceDate "2015.10.08"]
[SourceVersion "1"]
[SourceVersionDate "2015.10.08"]
[SourceQuality "1"]

1. e4 e5 2. Nf3 Nc6 3. d4 exd4 4. Nxd4 Bc5 5. Be3 Qf6 6. c3 Nh6 7. Bc4 d6 8. 0-0 Ng4 9. Nxc6 Qh4 10. h3 Nxe3 11. Bxf7+ Kf8 12. fxe3 Bxe3+ 13. Kh1 g6 14. Qf3 bxc6 15. Qxe3 1-0

[Event "Ocana op 1st"]
[Site "Ocana"]
[Date "2015.09.26"]
[Round "3"]
[White "Carvajal Barreto, Johan Sebastian"]
[Black "Jaimes, Fredy Alexander"]
[Result "1-0"]
[WhiteElo "1577"]
[BlackElo "1816"]
[PlyCount "95"]
[EventDate "2015.09.25"]
[EventType "swiss"]
[EventRounds "7"]
[EventCountry "COL"]
[SourceTitle "EXT 2016"]
[Source "ChessBase"]
[SourceDate "2015.10.08"]
[SourceVersion "1"]
[SourceVersionDate "2015.10.08"]
[SourceQuality "1"]

1. c4 e5 2. e4 Nf6 3. d3 d6 4. h3 c5 5. Nc3 Nc6 6. a3 Be7 7. Nf3 0-0 8. Be2 h6 9. 0-0 Nd4 10. Nxd4 cxd4 11. Nd5 Nxd5 12. exd5 f5 13. f4 Qb6 14. b4 e4 15. Bb2 Bd7 16. Kh1 Bf6 17. Rb1 Rae8 18. Qc2 Qc7 19. Qb3 b6 20. Rbc1 Kh8 21. Rcd1 e3 22. Qa2 a5 23. Qb3 axb4 24. axb4 Ra8 25. Ra1 Qb7 26. Rxa8 Rxa8 27. Ra1 Rxa1+ 28. Bxa1 Qa8 29. Qb2 b5 30. Qc1 Qa2 31. Qb2 Qa8 32. cxb5 Bxb5 33. Qc1 g6 34. Bb2 Qxd5 35. Qc8+ Kh7 36. Qc7+ Bg7 37. Bf3 Qb3 38. Bxd4 Qg8 39. Bd5 Qf8 40. Bxe3 Bxd3 41. Bd4 Kh8 42. Bxg7+ Qxg7 43. Qxd6 Be4 44. Bxe4 fxe4 45. Qe5 Qxe5 46. fxe5 Kg8 47. b5 e3 48. Kg1 1-0

[Event "Ocana op 1st"]
[Site "Ocana"]
[Date "2015.09.25"]
[Round "2"]
[White "Jaimes, Fredy Alexander"]
[Black "Almeida Quintana, Omar"]
[Result "0-1"]
[WhiteElo "1816"]
[BlackElo "2521"]
[PlyCount "42"]
[EventDate "2015.09.25"]
[EventType "swiss"]
[EventRounds "7"]
[EventCountry "COL"]
[SourceTitle "EXT 2016"]
[Source "ChessBase"]
[SourceDate "2015.10.08"]
[SourceVersion "1"]
[SourceVersionDate "2015.10.08"]
[SourceQuality "1"]

1. e4 g6 2. d4 Bg7 3. Nf3 d6 4. Nc3 Nf6 5. Be2 0-0 6. 0-0 c6 7. Re1 Qc7 8. h3 Nbd7 9. Bf1 e5 10. dxe5 dxe5 11. Be3 Rd8 12. Nd2 Nf8 13. g3 Ne6 14. Bg2 h5 15. Ne2 h4 16. Rf1 Nh5 17. Qe1 b6 18. c3 Ba6 19. Nf3 hxg3 20. fxg3 Bxe2 21. Qxe2 Nxg3 0-1